[Event "GER-ch Rapid 51st"]
[Site "Neuwied"]
[Date "2025.06.15"]
[Round "8"]
[White "Winterberg, Lukas"]
[Black "Hagner, Bennet"]
[Result "0-1"]
[WhiteElo "2428"]
[BlackElo "2431"]
[PlyCount "80"]
[EventDate "2025.06.14"]
[EventType "swiss (rapid)"]
[EventRounds "9"]
[EventCountry "GER"]
[SourceTitle "CB25_2025"]
[SourceDate "2025.06.18"]
[SourceVersion "1"]
[SourceVersionDate "2025.06.18"]
[SourceQuality "1"]

1. d4 Nf6 2. Nf3 b6 3. c4 Bb7 4. g3 g6 5. Bg2 Bg7 6. 0-0 0-0 7. d5 Na6 8. Nc3 Nc5 9. Qc2 e6 10. e4 d6 11. Bg5 h6 12. Bd2 a5 13. dxe6 Nfxe4 14. e7 Qxe7 15. Rae1 f5 16. Nh4 Qf7 17. Nd5 Rae8 18. Be3 Ne6 19. f4 Nd4 20. Qd1 Nc6 21. Qc2 Kh7 22. g4 Nb4 23. Nxb4 axb4 24. gxf5 gxf5 25. Rf3 Qf6 26. Rh3 Qxb2 27. Qd1 Re6 28. Qh5 Qc3 29. Rc1 Qb2 30. Nxf5 Nf6 31. Qg5 Qxg2+ 32. Qxg2 Bxg2 33. Kxg2 Ng4 34. Nxg7 Nxe3+ 35. Kf2 Rxf4+ 36. Ke2 Kxg7 37. Rxe3 Rxe3+ 38. Kxe3 Rh4 39. Rc2 Kf6 40. Rb2 Rxc4 0-1

[Event "GER-ch Rapid 51st"]
[Site "Neuwied"]
[Date "2025.06.14"]
[Round "2"]
[White "Heider, Martin"]
[Black "Hagner, Bennet"]
[Result "1/2-1/2"]
[WhiteElo "2393"]
[BlackElo "2431"]
[PlyCount "218"]
[EventDate "2025.06.14"]
[EventType "swiss (rapid)"]
[EventRounds "9"]
[EventCountry "GER"]
[SourceTitle "CB25_2025"]
[SourceDate "2025.06.18"]
[SourceVersion "1"]
[SourceVersionDate "2025.06.18"]
[SourceQuality "1"]

1. Nf3 Nf6 2. b3 d5 3. Bb2 Bf5 4. Nh4 Bd7 5. c4 e6 6. Nf3 c5 7. e3 Nc6 8. Be2 Bd6 9. 0-0 dxc4 10. bxc4 e5 11. d3 0-0 12. Nc3 Re8 13. Rb1 Rc8 14. Nd2 b6 15. Nde4 Be6 16. Bf3 Nxe4 17. Bxe4 Ne7 18. a4 Qd7 19. Ba1 Bc7 20. Qc2 Rcd8 21. Rfd1 Nc6 22. Bxc6 Qxc6 23. e4 f5 24. Nd5 Bxd5 25. cxd5 Qd7 26. Qc4 Bd6 27. Bc3 h6 28. a5 Rb8 29. axb6 axb6 30. Rb5 Kh8 31. Rdb1 Bc7 32. exf5 Rbd8 33. f4 Qxd5 34. Qxd5 Rxd5 35. Bxe5 Bxe5 36. fxe5 Rexe5 37. Rxb6 Rxf5 38. R6b3 Rfe5 39. Rf1 Kh7 40. Rf3 Re2 41. Rf2 Re1+ 42. Rf1 Re7 43. Rc3 h5 44. h3 Kh6 45. Rf4 Re2 46. Rf2 Re3 47. Rfc2 Ree5 48. Rf2 Kg5 49. Kh2 g6 50. Rf3 Re2 51. Rg3+ Kh6 52. Rb3 Rd6 53. Rb8 Re1 54. Rh8+ Kg7 55. Rxh5 c4 56. dxc4 Rc1 57. Rc5 Kh6 58. Rg4 Rc2 59. Re5 Rc6 60. Ree4 Rc3 61. Rd4 Re6 62. Rg3 Rc2 63. Rh4+ Kg7 64. Rd3 Ree2 65. Rg4 Re6 66. Kg3 Rc6 67. Rdd4 Kh6 68. Kf4 R6xc4 69. Rxc4 Rxc4+ 70. Kg3 Rc3+ 71. Kh2 Ra3 72. Rb4 Rc3 73. h4 Ra3 74. g3 Rc3 75. Rb7 Rc4 76. Kh3 Rc3 77. Rf7 Ra3 78. Kg4 Rb3 79. Rf8 Rb4+ 80. Rf4 Rb3 81. Rf3 Rb4+ 82. Kh3 Ra4 83. Re3 Rb4 84. Kg2 Rb6 85. g4 Kg7 86. Kg3 Rb4 87. Re5 Kf6 88. Re3 Ra4 89. Rb3 Rc4 90. Rb6+ Kf7 91. Rd6 Ra4 92. Rc6 Rb4 93. Rc3 Ra4 94. Rf3+ Kg7 95. g5 Rb4 96. Rf4 Rb1 97. Ra4 Rb7 98. Kg4 Rf7 99. h5 gxh5+ 100. Kxh5 Rb7 101. Ra6 Rb8 102. Ra7+ Kg8 103. Kh6 Rb6+ 104. g6 Rb8 105. Rg7+ Kh8 106. Rh7+ Kg8 107. Rc7 Ra8 108. Rb7 Rc8 109. Re7 Ra8 1/2-1/2

[Event "Karlsruhe Grenke op"]
[Site "Karlsruhe"]
[Date "2025.04.19"]
[Round "5"]
[White "Sydykov, Bayastan"]
[Black "Hagner, Bennet"]
[Result "1-0"]
[WhiteElo "2272"]
[BlackElo "2430"]
[PlyCount "103"]
[EventDate "2025.04.17"]
[EventType "swiss"]
[EventRounds "9"]
[EventCountry "GER"]
[SourceTitle "CB17_2025"]
[SourceDate "2025.04.23"]
[SourceVersion "1"]
[SourceVersionDate "2025.04.23"]
[SourceQuality "1"]

1. d4 Nf6 2. Nf3 d5 3. c3 e6 4. Bf4 Bd6 5. e3 0-0 6. Nbd2 c5 7. Ne5 Qc7 8. Bd3 a5 9. 0-0 Nc6 10. Ndf3 c4 11. Bc2 b5 12. a3 Bb7 13. Nxc6 Bxc6 14. Bxd6 Qxd6 15. Nd2 Qe7 16. b4 axb4 17. axb4 Rxa1 18. Qxa1 Ra8 19. Qb2 Qa7 20. Bb1 Nd7 21. Rc1 Nb6 22. Nf1 Be8 23. Qc2 g6 24. Ng3 Qa3 25. Ne2 f6 26. h4 Bf7 27. Kf1 e5 28. Qd2 e4 29. f3 f5 30. Bc2 Qa2 31. f4 Na4 32. Rb1 Nb6 33. Nc1 Qa7 34. Rb2 Qe7 35. Qe1 Ra3 36. Ra2 Qa7 37. Bb1 Rxa2 38. Nxa2 Qa3 39. Qc1 Qb3 40. Qc2 Na4 41. Ke1 Qa3 42. Kd2 Kg7 43. Nc1 Kh6 44. g3 Nb2 45. Ne2 Kh5 46. Ke1 Kg4 47. Kf1 Nd3 48. Qd1 Kh3 49. h5 gxh5 50. Bxd3 h4 51. Ng1+ Kxg3 52. Qe1+ 1-0

[Event "Karlsruhe Grenke op"]
[Site "Karlsruhe"]
[Date "2025.04.17"]
[Round "1"]
[White "Zhuikov, Edgard"]
[Black "Hagner, Bennet"]
[Result "0-1"]
[WhiteElo "2093"]
[BlackElo "2430"]
[PlyCount "76"]
[EventDate "2025.04.17"]
[EventType "swiss"]
[EventRounds "9"]
[EventCountry "GER"]
[SourceTitle "CB17_2025"]
[SourceDate "2025.04.23"]
[SourceVersion "1"]
[SourceVersionDate "2025.04.23"]
[SourceQuality "1"]

1. e4 c5 2. d4 cxd4 3. c3 Nf6 4. e5 Nd5 5. Nf3 e6 6. cxd4 d6 7. Bc4 Be7 8. a3 0-0 9. 0-0 Nd7 10. Bd3 b6 11. Qc2 dxe5 12. Bxh7+ Kh8 13. dxe5 Bb7 14. Bd3 Rc8 15. Qe2 Rxc1 16. Rxc1 Nf4 17. Qe3 Nxg2 18. Kxg2 Bg5 19. Qe2 Bxf3+ 20. Qxf3 Bxc1 21. Qh5+ Bh6 22. Bb5 Nc5 23. Nc3 Qd2 24. Qe2 Qg5+ 25. Kh1 Qh4 26. Rg1 Bf4 27. Rg2 Rd8 28. b4 Nb3 29. Ne4 Nd4 30. Qg4 Qxg4 31. Rxg4 Bxe5 32. Ng5 Kg8 33. Ba4 f6 34. f4 f5 35. Rh4 Bf6 36. Kg2 e5 37. Kg3 exf4+ 38. Kxf4 Bxg5+ 0-1

[Event "Reykjavik op"]
[Site "Reykjavik"]
[Date "2025.04.13"]
[Round "7"]
[White "Gajcin, Marina"]
[Black "Hagner, Bennet"]
[Result "0-1"]
[WhiteElo "2217"]
[BlackElo "2430"]
[PlyCount "82"]
[EventDate "2025.04.09"]
[EventType "swiss"]
[EventRounds "9"]
[EventCountry "ISL"]
[SourceTitle "CB17_2025"]
[SourceDate "2025.04.23"]
[SourceVersion "1"]
[SourceVersionDate "2025.04.23"]
[SourceQuality "1"]

1. e4 e5 2. Nf3 Nc6 3. Bc4 Bc5 4. d3 d6 5. c3 Bb6 6. 0-0 h6 7. a4 Nge7 8. b4 a6 9. Qb3 0-0 10. Be3 Ng6 11. a5 Ba7 12. d4 Qf6 13. Qb2 Nf4 14. Bxf4 Qxf4 15. Nbd2 exd4 16. cxd4 Qf6 17. e5 Qf4 18. exd6 Nxd4 19. Ra3 Bg4 20. Nxd4 Bxd4 21. Qc2 cxd6 22. Qe4 Be5 23. g3 Qxe4 24. Nxe4 Rac8 25. Bd5 Rc2 26. Kg2 Kh8 27. h3 Be2 28. Re1 f5 29. Re3 Bc4 30. Bxc4 Rxc4 31. Nc5 f4 32. Rf3 dxc5 33. Rxe5 cxb4 34. Re7 Rb8 35. gxf4 b6 36. axb6 Rxb6 37. Rg3 Rc8 38. Kh2 Rg8 39. f5 b3 40. f6 gxf6 41. Rd3 b2 0-1

[Event "Reykjavik op"]
[Site "Reykjavik"]
[Date "2025.04.10"]
[Round "2"]
[White "Hagner, Bennet"]
[Black "Boer, Alef"]
[Result "1-0"]
[WhiteElo "2430"]
[BlackElo "2044"]
[PlyCount "63"]
[EventDate "2025.04.09"]
[EventType "swiss"]
[EventRounds "9"]
[EventCountry "ISL"]
[SourceTitle "CB17_2025"]
[SourceDate "2025.04.23"]
[SourceVersion "1"]
[SourceVersionDate "2025.04.23"]
[SourceQuality "1"]

1. Nf3 d5 2. g3 Nf6 3. Bg2 e6 4. 0-0 Nc6 5. d4 Rb8 6. b3 b5 7. c4 b4 8. Bf4 Bd6 9. Ne5 Bb7 10. Nxc6 Bxc6 11. Nd2 Bxf4 12. gxf4 Qd6 13. e3 0-0 14. Qc2 Bb7 15. cxd5 exd5 16. Rfc1 Rfc8 17. Bh3 Nd7 18. Qf5 Rd8 19. Nf3 Nf6 20. Qe5 c6 21. a3 bxa3 22. Qxd6 Rxd6 23. Rxa3 a6 24. Ne5 Kf8 25. Bf1 Ra8 26. Rca1 Nd7 27. Bxa6 Bxa6 28. Rxa6 Rxa6 29. Rxa6 Nxe5 30. fxe5 Re6 31. b4 g5 32. Rb6 1-0

[Event "Reykjavik op"]
[Site "Reykjavik"]
[Date "2025.04.10"]
[Round "3"]
[White "Jonsson, Gauti Pall"]
[Black "Hagner, Bennet"]
[Result "0-1"]
[WhiteElo "2122"]
[BlackElo "2430"]
[PlyCount "78"]
[EventDate "2025.04.09"]
[EventType "swiss"]
[EventRounds "9"]
[EventCountry "ISL"]
[SourceTitle "CB17_2025"]
[SourceDate "2025.04.23"]
[SourceVersion "1"]
[SourceVersionDate "2025.04.23"]
[SourceQuality "1"]

1. d4 Nf6 2. Nf3 d5 3. c3 e6 4. Bg5 h6 5. Bxf6 Qxf6 6. Nbd2 c5 7. e3 Nc6 8. Bb5 Bd6 9. Qe2 a6 10. Bxc6+ bxc6 11. e4 Qd8 12. 0-0 0-0 13. Rfd1 a5 14. Qe3 Qb6 15. Nb3 c4 16. Nc5 a4 17. Rab1 Ra5 18. b4 axb3 19. axb3 Bxc5 20. dxc5 Qxc5 21. Qxc5 Rxc5 22. b4 Rb5 23. Nd4 Rb6 24. e5 f6 25. f4 g5 26. g3 Kf7 27. Ra1 gxf4 28. Ra7+ Rb7 29. Rda1 fxe5 30. Nxc6 Kf6 31. gxf4 exf4 32. Ra8 Rg7+ 33. Kf2 Rfg8 34. R1a7 Rg2+ 35. Kf3 Rxh2 36. Ne7 Rg3+ 37. Kxf4 Rhh3 38. Nc6 Rf3+ 39. Kg4 h5# 0-1

[Event "Reykjavik op"]
[Site "Reykjavik"]
[Date "2025.04.09"]
[Round "1"]
[White "Weidenhoefer, Max"]
[Black "Hagner, Bennet"]
[Result "1/2-1/2"]
[WhiteElo "2085"]
[BlackElo "2430"]
[PlyCount "77"]
[EventDate "2025.04.09"]
[EventType "swiss"]
[EventRounds "9"]
[EventCountry "ISL"]
[SourceTitle "CB17_2025"]
[SourceDate "2025.04.23"]
[SourceVersion "1"]
[SourceVersionDate "2025.04.23"]
[SourceQuality "1"]

1. e4 e5 2. Bc4 Nf6 3. d3 Nc6 4. Nc3 Bc5 5. h3 a6 6. Nge2 b5 7. Bb3 Na5 8. 0-0 0-0 9. Ng3 b4 10. Nb1 Nxb3 11. axb3 h6 12. Qf3 d5 13. Be3 Bxe3 14. Qxe3 a5 15. Nd2 Qd6 16. f4 Re8 17. fxe5 Qxe5 18. d4 Qe6 19. e5 Nd7 20. Nh5 c5 21. c3 cxd4 22. cxd4 Ra6 23. Rf4 Qg6 24. Qf3 Nf8 25. Rf1 Be6 26. Rf6 gxf6 27. Nxf6+ Kh8 28. Nxe8 Rc6 29. Qe3 Nh7 30. Nf6 Qg5 31. Qd3 Nxf6 32. Rxf6 Bxh3 33. Qxh3 Rxf6 34. exf6 Qxd2 35. Qc8+ Kh7 36. Qf5+ Kh8 37. Qc8+ Kh7 38. Qf5+ Kh8 39. Qc8+ 1/2-1/2

[Event "Bundesliga 2425"]
[Site "Germany"]
[Date "2025.03.23"]
[Round "11.7"]
[White "Voigt, Martin"]
[Black "Hagner, Bennet"]
[Result "0-1"]
[WhiteElo "2316"]
[BlackElo "2311"]
[PlyCount "70"]
[EventDate "2024.09.28"]
[EventType "team-tourn"]
[EventRounds "15"]
[EventCountry "GER"]
[SourceTitle "CB13_2025"]
[SourceDate "2025.03.26"]
[SourceVersion "1"]
[SourceVersionDate "2025.03.26"]
[SourceQuality "1"]
[WhiteTeam "St Pauli"]
[BlackTeam "Baden-Baden"]
[WhiteTeamCountry "GER"]
[BlackTeamCountry "GER"]

1. e4 c5 2. Nf3 e6 3. c3 Nf6 4. e5 Nd5 5. a3 d6 6. d4 cxd4 7. c4 Ne7 8. exd6 Qxd6 9. Nc3 Nbc6 10. Nb5 Qb8 11. Nbxd4 Nxd4 12. Qxd4 Nc6 13. Qc3 a5 14. Bd3 e5 15. 0-0 Bc5 16. Be4 f6 17. Qd3 Ne7 18. Nh4 Be6 19. Nf5 Nxf5 20. Bxf5 Bxf5 21. Qxf5 0-0 22. Rd1 Bd4 23. Be3 Bxb2 24. Rab1 Bxa3 25. Rd7 Rd8 26. h4 Rxd7 27. Qxd7 Bb4 28. h5 h6 29. Rb3 Qc8 30. Qd5+ Kh8 31. Bd2 Bxd2 32. Qxd2 a4 33. Rb6 Qc7 34. Qb4 a3 35. Rxb7 Qd8 0-1

[Event "Staufer op 35th"]
[Site "Schwaebisch Gmuend"]
[Date "2025.01.02"]
[Round "2"]
[White "Degenhard, Simon"]
[Black "Hagner, Bennet"]
[Result "0-1"]
[WhiteElo "2241"]
[BlackElo "2407"]
[PlyCount "58"]
[EventDate "2025.01.02"]
[EventType "swiss"]
[EventRounds "9"]
[EventCountry "GER"]
[SourceTitle "CB02_2025"]
[SourceDate "2025.01.08"]
[SourceVersion "1"]
[SourceVersionDate "2025.01.08"]
[SourceQuality "1"]

1. e4 c5 2. Nf3 e6 3. d4 cxd4 4. Nxd4 Nf6 5. Nc3 Nc6 6. Ndb5 d6 7. Bf4 e5 8. Bg5 a6 9. Na3 b5 10. Bxf6 gxf6 11. Nd5 f5 12. Bd3 Be6 13. 0-0 Bxd5 14. exd5 Ne7 15. Re1 Bg7 16. c3 Qd7 17. Nc2 0-0 18. Nb4 e4 19. Bf1 Qb7 20. Qh5 a5 21. Nc6 Nxd5 22. Nd4 Bxd4 23. cxd4 Qd7 24. g4 Rae8 25. gxf5 Kh8 26. Kh1 Rg8 27. a4 Nf4 28. Qh6 Qxf5 29. Bxb5 Nd3 0-1

[Event "Vandoeuvre op 21st"]
[Site "Vandoeuvre"]
[Date "2024.12.28"]
[Round "6"]
[White "Hagner, Bennet"]
[Black "Tahay, Alexis"]
[Result "1/2-1/2"]
[WhiteElo "2384"]
[BlackElo "2387"]
[PlyCount "99"]
[EventDate "2024.12.26"]
[EventType "swiss"]
[EventRounds "9"]
[EventCountry "FRA"]
[SourceTitle "CB04_2025"]
[SourceDate "2025.01.22"]
[SourceVersion "1"]
[SourceVersionDate "2025.01.22"]
[SourceQuality "1"]

1. e4 c5 2. Nf3 d6 3. d4 cxd4 4. Nxd4 Nf6 5. Nc3 a6 6. f4 e5 7. Nb3 Nc6 8. Bd3 Be7 9. 0-0 0-0 10. Nd5 Nxd5 11. exd5 Nd4 12. Be3 Nxb3 13. axb3 f5 14. Kh1 Bf6 15. c3 Bd7 16. Qd2 Qe7 17. b4 Rae8 18. Rae1 exf4 19. Bxf4 Be5 20. c4 Bxf4 21. Rxe7 Bxd2 22. Rxd7 Bxb4 23. Rxb7 Bc5 24. b4 Bd4 25. Rc7 Re3 26. Bxf5 Kh8 27. Rc8 Ree8 28. Rxe8 Rxe8 29. Rd1 Bf2 30. Be6 Rb8 31. g3 g6 32. Kg2 Ba7 33. Rb1 a5 34. b5 Bb6 35. Ra1 Ra8 36. Ra4 Kg7 37. Kf3 Rf8+ 38. Ke4 Rf2 39. h4 Re2+ 40. Kf3 Re3+ 41. Kg2 Rc3 42. g4 h6 43. g5 hxg5 44. hxg5 Rc1 45. Kf3 Rf1+ 46. Ke4 Rg1 47. Kf4 Rf1+ 48. Ke4 Rg1 49. Kf4 Rf1+ 50. Ke4 1/2-1/2

[Event "Vandoeuvre op 21st"]
[Site "Vandoeuvre"]
[Date "2024.12.27"]
[Round "4"]
[White "Hagner, Bennet"]
[Black "Travadon, Loic"]
[Result "0-1"]
[WhiteElo "2384"]
[BlackElo "2428"]
[PlyCount "74"]
[EventDate "2024.12.26"]
[EventType "swiss"]
[EventRounds "9"]
[EventCountry "FRA"]
[SourceTitle "CB04_2025"]
[SourceDate "2025.01.22"]
[SourceVersion "1"]
[SourceVersionDate "2025.01.22"]
[SourceQuality "1"]

1. e4 c5 2. Nf3 d6 3. d4 cxd4 4. Nxd4 Nf6 5. Nc3 a6 6. a3 e5 7. Nf5 d5 8. Bg5 d4 9. Bxf6 Qxf6 10. Nd5 Qc6 11. c4 Be6 12. f4 g6 13. Nf6+ Kd8 14. Nxd4 exd4 15. Qxd4+ Qd6 16. Qe3 Qc5 17. Qd2+ Kc8 18. Nd5 Bg7 19. Be2 Qd4 20. Qc2 Nd7 21. e5 Bxd5 22. cxd5+ Kb8 23. Rd1 Qxf4 24. e6 Rc8 25. Qb3 Nc5 26. Qb4 Qxb4+ 27. axb4 Ne4 28. d6 fxe6 29. 0-0 Nf6 30. g4 g5 31. h4 h6 32. hxg5 hxg5 33. Rfe1 Nd7 34. b3 Bc3 35. Rf1 Bxb4 36. Rf7 Rd8 37. Bf3 Ra7 0-1

[Event "Bundesliga 2425"]
[Site "Germany"]
[Date "2024.12.01"]
[Round "4.7"]
[White "Hagner, Bennet"]
[Black "Loxine, Jakov"]
[Result "1-0"]
[WhiteElo "2311"]
[BlackElo "2395"]
[PlyCount "89"]
[EventDate "2024.09.28"]
[EventType "team-tourn"]
[EventRounds "15"]
[EventCountry "GER"]
[SourceTitle "CB49_2024"]
[SourceDate "2024.12.04"]
[SourceVersion "1"]
[SourceVersionDate "2024.12.04"]
[SourceQuality "1"]
[WhiteTeam "Baden-Baden"]
[BlackTeam "Dresden TU"]
[WhiteTeamCountry "GER"]
[BlackTeamCountry "GER"]

1. e4 c5 2. Nc3 Nc6 3. Nge2 g6 4. d4 cxd4 5. Nxd4 Bg7 6. Be3 Nf6 7. Bc4 0-0 8. Bb3 Re8 9. Nxc6 dxc6 10. h3 Qxd1+ 11. Rxd1 Nd7 12. 0-0 b6 13. Rd2 Nf8 14. Rfd1 Be6 15. f4 Bxc3 16. bxc3 f5 17. exf5 gxf5 18. g4 Bxb3 19. axb3 Ne6 20. Rd7 Kf7 21. Kf2 Kf6 22. Ra1 a6 23. Rb7 b5 24. Rb6 Rec8 25. Raxa6 Rxa6 26. Rxa6 h6 27. Kf3 Kg6 28. Ra7 Rc7 29. Ra8 Rd7 30. Rg8+ Kf6 31. Rh8 Kg7 32. Rc8 Rc7 33. Rb8 Kg6 34. Bb6 Rd7 35. Rg8+ Kf6 36. Rh8 Kg6 37. Rg8+ Kf6 38. Rc8 Rd2 39. Rxc6 Rxc2 40. Bd4+ Kf7 41. Be5 b4 42. gxf5 Ng7 43. f6 Ne6 44. fxe7 bxc3 45. Rxe6 1-0

[Event "Colonia de Sant Jordi GM 3rd"]
[Site "Colonia de Sant Jordi"]
[Date "2024.10.24"]
[Round "7"]
[White "Vergara Anton, Diego"]
[Black "Hagner, Bennet"]
[Result "0-1"]
[WhiteElo "2405"]
[BlackElo "2311"]
[PlyCount "82"]
[EventDate "2024.10.18"]
[EventType "tourn"]
[EventRounds "9"]
[EventCountry "ESP"]
[EventCategory "7"]
[SourceTitle "CB44_2024"]
[Source "Chessbase"]
[SourceDate "2024.10.30"]
[SourceVersion "1"]
[SourceVersionDate "2024.10.30"]
[SourceQuality "1"]

1. c4 Nf6 2. Nc3 e5 3. Nf3 e4 4. Ng5 c6 5. Ngxe4 Nxe4 6. Nxe4 d5 7. Nc3 dxc4 8. e3 Be6 9. Ne2 Bd6 10. Nd4 Bd5 11. Qg4 Be5 12. e4 h5 13. Qe2 0-0 14. Nf5 Qf6 15. Qf3 Re8 16. Ne3 Bxb2 17. Qxf6 Bxf6 18. Rb1 Bxe4 19. Rxb7 c5 20. Rb5 Nd7 21. Be2 c3 22. 0-0 cxd2 23. Bxd2 g6 24. Rd1 Bd4 25. Bf1 Ne5 26. Nc4 Rad8 27. Ba5 Bxf2+ 28. Kxf2 Ng4+ 29. Kg3 Rxd1 30. Be2 Rg1 31. Nd6 Rxg2+ 32. Kf4 Rxe2 33. Nxe8 Bc6 34. Rxc5 Bxe8 35. Bc3 Rf2+ 36. Kg3 Rxa2 37. h3 Nh6 38. Rc8 Re2 39. Kf4 Re6 40. Kg5 Nf5 41. h4 Nd6 0-1

[Event "Bruges Thinkers Publishing"]
[Site "Bruges"]
[Date "2024.08.12"]
[Round "4"]
[White "Injac, Teodora"]
[Black "Hagner, Bennet"]
[Result "1-0"]
[WhiteElo "2411"]
[BlackElo "2311"]
[PlyCount "55"]
[EventDate "2024.08.10"]
[EventType "tourn"]
[EventRounds "9"]
[EventCountry "BEL"]
[EventCategory "6"]
[SourceTitle "CBM 221 Extra"]
[Source "ChessBase"]
[SourceDate "2024.09.30"]
[SourceVersion "1"]
[SourceVersionDate "2024.09.30"]
[SourceQuality "1"]

1. Nf3 d5 2. g3 g6 3. Bg2 Bg7 4. 0-0 e5 5. d3 Ne7 6. c4 c6 7. e4 0-0 8. b4 d4 9. a4 a5 10. b5 Nd7 11. Nh4 b6 12. f4 exf4 13. gxf4 Bb7 14. Nd2 Nc5 15. Nb3 Nxb3 16. Qxb3 c5 17. Ra2 f5 18. e5 Bxg2 19. Rxg2 Kh8 20. Bd2 Ng8 21. Be1 Nh6 22. h3 Nf7 23. Qd1 Qd7 24. Kh2 Nd8 25. Nxg6+ hxg6 26. Rxg6 Ne6 27. Qh5+ Kg8 28. Rfg1 1-0